| 000 | 00673nam a2200205Ia 4500 | ||
|---|---|---|---|
| 003 | GCL | ||
| 005 | 20240530102601.0 | ||
| 008 | 140319s9999 xx 000 0 ara d | ||
| 040 |
_aGCL / _cGCL |
||
| 082 | 0 | 4 |
_a794.1 _bع ف |
| 100 | 1 | _aعبدالرحمن محفوظ محمد | |
| 245 | 1 | 0 |
_aفن الشطرنج : الكمائن الحديثة / _cعبدالرحمن محفوظ محمد |
| 260 |
_a[S.N] : _bمنشاة المعارف ، _c1985 |
||
| 300 | _a189 ص | ||
| 650 | 0 | 4 | _aالشطرنج |
| 650 | 0 | 4 | _aالالعاب الرياضية |
| 650 | 0 | 4 | _aالرياضة الذهنية |
| 650 | 0 | 4 | _aالالعاب الرياضية الفردية |
| 942 |
_2ddc _cBK |
||
| 999 |
_c33193 _d33193 |
||